|
|
|
|
| LEADER |
01179nam a22002777a 4500 |
| 001 |
AAL7405 |
| 003 |
BD-DhAAL |
| 005 |
20160105223437.0 |
| 008 |
151231b20011999naua|||| |||| 001 0 eng d |
| 020 |
|
|
|a 002149133x
|
| 040 |
|
|
|a BD-DhAAL
|c BD-DhAAL
|
| 082 |
|
|
|a 372.8/3/044
|
| 100 |
|
|
|a Banks, James A
|9 17091
|
| 245 |
|
|
|a My World Adventures in time and place /
|c James A Banks
|
| 260 |
|
|
|a New York :
|b McGraw-Hill,
|c c2000.
|
| 300 |
|
|
|a 213 p. :
|b ill. ;
|c 28 cm.
|
| 490 |
|
|
|a McGraw-Hill social studies.
|
| 500 |
|
|
|a Includes index.
|
| 541 |
|
|
|e 7405
|
| 650 |
|
|
|a Social sciences
|x Study and teaching (Elementary)
|9 17092
|
| 650 |
|
|
|a Geography
|x Study and teaching (Elementary)
|9 17093
|
| 651 |
|
|
|a United States
|x Study and teaching (Elementary)
|9 17094
|
| 942 |
|
|
|2 ddc
|c BK
|
| 999 |
|
|
|c 36484
|d 36484
|
| 952 |
|
|
|0 0
|1 0
|2 ddc
|4 0
|6 372_800000000000000_3_044_BAN
|7 0
|9 57441
|a SCL
|b SCL
|c GEN
|d 2015-12-31
|e Gift: The Asia Foundation
|l 0
|o 372.83044 BAN
|p 3020007405
|r 2015-12-31
|t 1
|w 2015-12-31
|y BK
|
| 952 |
|
|
|0 0
|1 0
|2 ddc
|4 0
|6 372_800000000000000_3_044_BAN
|7 0
|9 57442
|a SCL
|b SCL
|c GEN
|d 2015-12-31
|e Gift: The Asia Foundation
|l 0
|o 372.83044 BAN
|p 3020007407
|r 2015-12-31
|t 2
|w 2015-12-31
|y BK
|